| 000 | 00923 a2200265 4500 | ||
|---|---|---|---|
| 260 | _aParis | ||
| 100 | _aBECAM, Annick | ||
| 700 | _aLALANDE, Julien | ||
| 700 | _aLE HIR, Jean | ||
| 260 | _bDunod | ||
| 245 | _aChimie organique : Cours et 64 exercices corrigés : 1ère année MPSI, PCSI, PTSI | ||
| 300 | _aI-X ; 1-236 p. | ||
| 650 | _a<chimie organique><structure électronique des molécules><champ cristallin><thermodynamique des systèmes chimiques><Réactivité en chimie organique><Matériaux organiques thermoplastiques><organomagnétisiens mixtes> | ||
| 260 | _c2000 | ||
| 300 | _bfig ; 24 cm équipé de CDROM | ||
| 130 | _lFr. | ||
| 440 | _a(J'intègre; série Jean LE HIR) | ||
| 035 | _a14485 | ||
| 035 | _a14486 | ||
| 020 | _a2-10-004214-9 | ||
| 999 |
_c16031 _d16031 |
||